000 00839nam0a22002531 4500
001 rc\1071735
005 20250622101103.0
035 _a(NLR Aleph) 006231556
090 _a6577310
_c6577310
100 _a20041129d1980 |||y0rusy50 ca
101 0 _arus
102 _aRU
105 _ay |||||||||
200 1 _aЭкологические закономерности эволюции
210 _aМ.
_cНаука
_d1980
215 _a278 с.
_d22
300 _aВ надзаг.: АН СССР. Урал. науч. центр, Ин-т экологии растений и животных
320 _aБиблиогр.: с. 254-277
700 1 _aШварц
_bС.С.
_f1919-1976
_gСтанислав Семенович
801 0 _aRU
_bNLR
_gpsbo
801 1 _aRU
_bELAR
_2rusmarc
852 _aNLR
_j80-5/4891
942 _cBOOK
980 _aNB